| 000 | 00846nam a2200217 a 4500 | ||
|---|---|---|---|
| 001 | 000041361 | ||
| 005 | 20201002034824.0 | ||
| 008 | 131001s1999 sp 000 0 spa d | ||
| 020 | _a8400078330 | ||
| 040 |
_aDO-SdBNP _bspa _cBNPHU |
||
| 100 | 1 |
_aReinhardt, Klaus _915260 |
|
| 245 | 1 | 0 |
_aBibelkommentare spanischer : _bautores,1500-1700 /. / _cKlaus Reinhardt. |
| 260 |
_aMadrid : _bConsejo Superior de Investigacines Científicas :, _c1999. |
||
| 300 |
_av. ; _c21 cm. |
||
| 490 | 1 |
_aMedievalia et humanistica Centro de Estudios Históricos _v5 |
|
| 500 | _aLa biblioteca posee el v. 1-2 | ||
| 505 | 0 |
_gv. II. _tAutoren M-Z _gv.1 _tautoren A-Ll |
|
| 710 | 2 |
_aConsejo Superior de Investigacines Científicas _968009 |
|
| 710 | 2 |
_aCentro de Estudios Históricos, _964022 |
|
| 830 | 0 |
_aMedievalia et humanistica Centro de Estudios Históricos _968010 |
|
| 999 |
_c40851 _d40851 |
||